000 00464nam a2200169Ia 4500
999 _c12272
_d12272
003 OSt
005 20201016101324.0
008 190216s9999||||xx |||||||||||||| ||und||
040 _coclc
082 _a813.52
_bBUC/P
100 _aBuck, Pearl S
_94693
245 0 _aPeony /
_c Pearl S Buck
260 _bPocket Books Publishers,
_c1964.
_anew york:
300 _a370p
650 _aNovel
942 _cBK
_2ddc
_h813.502
_iBUC/P
_k813.502
_mBUC/P